000 00307nam a2200097Ia 4500
082 _a649.1|DEJA
245 0 _aPlay learn know : a child is a work in progress
100 _a De Jager, Melodie. , 1960- Welgemoed, [South Africa], 2013
_959848
942 _cBK
008 210817s9999 xx 000 0 und d
999 _c188177
_d188177